European Competitions Top 5 Scorers: 2018/19 - Statistics

General Stats
  • This quiz has been taken 3 times
  • The average score is 4 of 11
Answer Stats
Competition Goals Club Nationality Player % Correct
Champions League 6 Juventus Portugal Cristiano Ronaldo
100%
Champions League 12 Barcelona Argentina Lionel Messi
100%
Champions League 8 Bayern Munich Poland Robert Lewandowski
67%
Champions League 6 Manchester City Argentina Sergio Aguero
67%
Europa League 10 Eintracht Frankfurt Serbia Luka Jovic
33%
Europa League 11 Chelsea France Olivier Giroud
33%
Europa League 8 Arsenal Gabon Pierre-Emerick Aubameyang
33%
Champions League 6 Ajax Serbia Dusan Tadic
0%
Champions League 6 Porto Mali Moussa Marega
0%
Europa League 8 RB Salzburg Israel Mu'nas Dabbur
0%
Europa League 8 Sevilla France Wissam Ben Yedder
0%
No matching quizzes found
Score Distribution
Percent of People with Each Score
Percentile by Number Answered
Your Score History
You have not taken this quiz